30 in 60: Harry Potter Characters Quiz Stats

Quiz Updated Nov 25, 2015

Challenge
Share
Tweet
Embed
Score 0/30 Timer 01:00
25 Plays Today
% Correct
Potter
81.9%
Malfoy
81.3%
Black
81.3%
Granger
81.1%
Longbottom
80.9%
Chang
79.6%
Diggory
79.4%
Riddle
78.7%
Krum
78.6%
McGonagall
77.6%
Slytherin
77.1%
Dursley
76.8%
Hagrid
76%
Pettigrew
75.5%
Gryffindor
74.5%
% Correct
Ravenclaw
74.4%
Weasley
74.3%
Dumbledore
73.1%
Fudge
73%
Hufflepuff
72.3%
Trelawney
68.9%
Filch
68.2%
Karkaroff
67.9%
Shacklebolt
67.6%
Fletcher
66.8%
Wood
66.5%
Slughorn
66%
Bagman
59.5%
Delacour
55.5%
Maxime
54.5%

You're not logged in!

Compare scores with friends on all Sporcle quizzes.
Sign Up with Email
OR
Log In

You Might Also Like...

Show Comments

Extras

Top Quizzes Today


Score Distribution

Your Account Isn't Verified!

In order to create a playlist on Sporcle, you need to verify the email address you used during registration. Go to your Sporcle Settings to finish the process.